00696nam a2200169 a 450000100100000000500170001000800410002704000250006808200140009310000370010724500600014426000970020430000330030150000630033495201120039799900170050900004190720201002035826.0131021s2008 dr ac 000 0 spa d aDO-SdBNPbspacBNPHU axxxbxxxx1 aZaffaroni, Eugenio Raúl94630610aJornada del derecho penal. :bEugenio Raúl Zaffaroni. aSanto Domingo, :bComisionado de apoyo a la reforma y modernización de la justicia,c2008. a59 p. :bil. retr. ;c24 cm. aIncluye datos biografícos del autor en la contraportada. 0010718PDaPDbPDcCTd2013-10-21iLF1l0oxxx xxxxp41907-10r2020-06-25w2020-06-25yLFPDZNo se presta c41396d41396